Statistics for Billboard #1 Hits of 2000

Click here to take the quiz!

General Stats

  • This quiz has been taken 47 times
  • The average score is 7 of 18

Answer Stats

weeksact1st wordsong% Correct
3Destiny's ChildsaySay My Name
79%
10SantanaMariaMaria Maria
67%
2Santanas_____Smooth
65%
2Christina AguilerawhatWhat a Girl Wants
65%
7Destiny's ChildindependentIndependent Women Part I
56%
1AaliyahtryTry Again
56%
4Madonnam____Music
53%
2NSYNCit'sIt's Gonna Be Me
47%
2Lonestara_____Amazed
35%
1CreedwithWith Arms Wide Open
33%
1Matchbox Twentyb___Bent
30%
4Savage GardenII Knew I Loved You
30%
4Christina AguileracomeCome on Over Baby (All I Want Is You)
26%
3Enrique IglesiasbeBe with You
21%
3Janetdoesn'tDoesn't Really Matter
19%
1Mariah CareythankThank God I Found You
16%
1Vertical HorizoneverythingEverything You Want
14%
2Sisqói________Incomplete
7%

Score Distribution

Percentile by Number Answered

Percent of People with Each Score

Your Score History

You have not taken this quiz